000 00703nam a2200241Ia 4500
003 OSt
005 20220918201225.0
006 a|||||r|||| 00| 0
007 ta
008 220917b |||||||| |||| 00| 0 eng d
024 _a92,476
037 _cTextual
040 _aARTS
_cARTS
_beng
041 _2eng
_aeng
082 _aV:(R), L5
100 _aThorbecke William J
_997552
245 0 _aMankind at the crossroads
_b an enquirt into the causes of the global predicaments and teh means to overcome them
260 _aLeyden
_bA W Sijthoff USA
_c1975
300 _a217p
_ccm.
650 _aHISTORY
942 _hV:(R), L5
_cTEXL
_2CC
999 _c216129
_d216129